DOS RV V2 Exekutíva

Enregistré dans:
Détails bibliographiques
Format: Livre
Langue:slovaque
Publié: Bratislava Datasystém 1985
Édition:1. vyd.
Collection:Program. SMEP
Tags: Ajouter un tag
Pas de tags, Soyez le premier à ajouter un tag!

MARC

LEADER 00000nam a2200000 4500
001 c024773
005 20221220081723.7
041 0 |a slo 
044 |a SK 
245 1 0 |a DOS RV V2  |b Exekutíva 
250 |a 1. vyd. 
264 1 |a Bratislava  |b Datasystém  |c 1985 
300 |a 179 s. 
490 1 |a Program. SMEP 
830 0 |a Program. SMEP